000 00578nam a2200169Ia 4500
999 _c2696
_d2696
003 DO-SdBJH
005 20180416224028.0
008 180414s9999 dr 000 0 spa d
040 _aDO-SdBJH
_bspa
_cDO-SdBJH
090 _aDM FM 100-20 1982
110 _aInstituto de Cooperación para la Seguridad Hemisférica
245 1 0 _aFM 100-20 Conflicto de baja intensidad
260 _aFuerte Benning, Georgia : Cuartel General Secretaría del Ejército, 1982
300 _axii, 171 páginas en varias paginaciones
650 4 _aEstrategia -- Seguridad nacional
942 _2ddc
_cBK